Punjab Regiment/ (Record no. 191040)

MARC details
000 -LEADER
fixed length control field 00508nam a22001817a 4500
005 - DATE AND TIME OF LATEST TRANSACTION
control field 20220817164558.0
010 ## - LCCN (DPL NO)
LC control number ENG-134474
020 ## - INTERNATIONAL STANDARD BOOK NUMBER
International Standard Book Number 9789382634300
Terms of availability 700.00
035 ## - SYSTEM CONTROL NUMBER
System control number EN-118006
037 ## - SOURCE OF ACQUISITION
Source of stock number/acquisition DBAD/PUB
082 ## - DEWEY DECIMAL CLASSIFICATION NUMBER
Classification number 356.110954
100 ## - MAIN ENTRY--PERSONAL NAME
Personal name Saraf, Mukesh
245 ## - TITLE STATEMENT
Title Punjab Regiment/
Statement of responsibility, etc Mukesh Saraf
260 ## - PUBLICATION, DISTRIBUTION, ETC. (IMPRINT)
Place of publication, distribution, etc Allahabad
Name of publisher, distributor, etc Meenakshi Prakashan
Date of publication, distribution, etc 2016
270 ## - ADDRESS
Address 5, Khusro Bagh Road
City Allahabad
Postal code 211001
300 ## - PHYSICAL DESCRIPTION
Extent 256p.
Dimensions 22cm(hb)
942 ## - ADDED ENTRY ELEMENTS (KOHA)
Source of classification or shelving scheme Dewey Decimal Classification
Item type English Books
Classification part 356.110954
Call number suffix SAR
Holdings
Withdrawn status Lost status Not for loan Collection code Home library Current library Date acquired Source of acquisition Cost, normal purchase price Full call number Barcode Copy number Cost, replacement price Koha item type
      Non-fiction Ashok Vihar Ashok Vihar 17/08/2022 DBAD/PUB 700.00 356.110954 SAR EN-118006 1 700.00 English Books

© Delhi Public Library
Hit Counter
free hit counter